Governance, equity and global markets : The annual bank conference on development economics-Europe (Record no. 42244)

MARC details
000 -LEADER
fixed length control field 00501nam a2200157Ia 4500
020 ## - INTERNATIONAL STANDARD BOOK NUMBER
ISBN 0199241554
082 ## - DEWEY DECIMAL CLASSIFICATION NUMBER
Classification number 339.13:336.64
Item number STI
100 ## - MAIN ENTRY--AUTHOR NAME
Personal name Muet, Pierre-Alain
245 #0 - TITLE STATEMENT
Title Governance, equity and global markets : The annual bank conference on development economics-Europe
260 ## - PUBLICATION, DISTRIBUTION, ETC. (IMPRINT)
Place of publication New York
Name of publisher Oxford University Press
Year of publication 2001
650 ## - SUBJECT ADDED ENTRY--TOPICAL TERM
Topical Term Global financial crisis
650 ## - SUBJECT ADDED ENTRY--TOPICAL TERM
Topical Term Globalization
700 ## - ADDED ENTRY--PERSONAL NAME
Personal name Stiglitz, Joseph E
942 ## - ADDED ENTRY ELEMENTS (KOHA)
Koha item type Books
Holdings
Withdrawn status Lost status Damaged status Not for loan Home library Current library Date acquired Cost, normal purchase price Full call number Accession Number Koha item type
        RRII Library RRII Library 16/12/2021 27.50 339.13:336.64 STI 22519 Books